Southville International School and Colleges
Your cart is empty.
  • Cart
  • Lists
    Public lists Eva Luna New books Lux_list list_1
    Your lists Log in to create your own lists
  • Log in to your account
  • Your cookies
  • Search history
Southville International School and Colleges
  • Advanced search
  • Recent comments
  • Most popular
  • Libraries

Log in to your account

Log in with GOOGLE


If you do not have an external account, but do have a local account, you can still log in:

  1. Home
  2. MARC view: Big red barn /
Normal view MARC view ISBD view

Big red barn / (Record no. 104694)

[ view plain ]
MARC details
000 -LEADER
fixed length control field 00534nam a2200169 a 4500
005 - DATE AND TIME OF LATEST TRANSACTION
control field 20140412111327.0
008 - FIXED-LENGTH DATA ELEMENTS--GENERAL INFORMATION
fixed length control field 110117s19uu xx 00 eng d
020 ## - INTERNATIONAL STANDARD BOOK NUMBER
International Standard Book Number 0-673-81639-7
050 ## - LIBRARY OF CONGRESS CALL NUMBER
Classification number BB
Item number B84 1985
100 ## - MAIN ENTRY--PERSONAL NAME
Personal name Bond, Felicia
245 ## - TITLE STATEMENT
Title Big red barn /
Statement of responsibility, etc Felicia Bond.
260 ## - PUBLICATION, DISTRIBUTION, ETC. (IMPRINT)
Place of publication, distribution, etc U.S.A :
Name of publisher, distributor, etc Harper collins,
Date of publication, distribution, etc 1985.
520 ## - SUMMARY, ETC.
Summary, etc Rhymed text and illustrations introduce the many different animals that live in the big barn.
650 ## - SUBJECT ADDED ENTRY--TOPICAL TERM
Topical term or geographic name as entry element Domestic animals-- fiction
650 ## - SUBJECT ADDED ENTRY--TOPICAL TERM
Topical term or geographic name as entry element Farm life -- fiction
Holdings
Withdrawn status Lost status Damaged status Home library Current library Shelving location Date acquired Source of acquisition Total Checkouts Full call number Barcode Date last seen Price effective from Koha item type
      Elizalde Library Elizalde Library Big Books Section 01/17/2011     BB B84 1985 E8464 04/12/2014 04/12/2014 Books

Big red barn /

APA

Bond F., . (1985). Big red barn. U.S.A: Harper collins.

Chicago

Bond Felicia, . 1985. Big red barn. U.S.A: Harper collins.

Harvard

Bond F., . (1985). Big red barn. U.S.A: Harper collins.

MLA

Bond Felicia, . Big red barn. U.S.A: Harper collins. 1985.

  • Place hold
  • Print
  • Cite
  • Add to your cart (remove)
  • Save record
    BIBTEX Dublin Core MARCXML MARC (non-Unicode/MARC-8) MARC (Unicode/UTF-8) MARC (Unicode/UTF-8, Standard) MODS (XML) RIS
  • More searches
    Search for this title in:
    Other Libraries (WorldCat) Other Databases (Google Scholar) Online Stores (Bookfinder.com) Open Library (openlibrary.org)

Exporting to Dublin Core...

SOUTHVILLE LIBRARY

Southville International School and Colleges Library

1281 Tropical Ave. Cor. Luxembourg St., BF Homes International, Las Pinas City

Tel. No. 8256374 / 252358 Loc. 117/146

Powered by Koha